Quiz Napoléon 1er - Statistiques

Statistiques générales
  • Ce quiz a été pris 177 fois
  • Le résultat moyen est 9 sur 15
Statistiques - réponses
Question Réponse % Correct
Dans quel région Napoléon est il originaire ? La Corse
93%
Ou Napoléon a il été exilé la première fois ? L'île d'Elbe
89%
Oû est mort Napoléon ? L'île de Saint-Hélène
88%
En quelle année Napoléon Bonaparte ce fait sacré empereur et devient Napoléon 1er ? 2 Décembre 1804
87%
Quand est mort Napoléon 5 Mai 1821
81%
Qui commandait la flotte Britannique lors de la bataille de Trafalgar ? Ammiral Horatio Nelson
66%
Qui n'était pas présent lors de la bataille de Waterloo? Royaume d'Espagne
64%
Quelle Bataille Napoléon a t'il gagné ? Bataille de Friedland (1807)
61%
A qui Napoléon succède t'il lorsqu'il prends le pouvoir ? La 1ère République
61%
Napoléon était il petit ? Non , c'est une impression donné a cause de la taille de ses soldats
61%
Qui était la dernière épouse de Napoléon ? Marie-Louise d'Autriche
58%
Quel était l'arme favorite de Napoléon (subjectif) ? L' Artillerie
49%
Quelle carte correspond au territoire de Napoléon A CA MORT ?
39%
Lequel de ces soldats est un Hussard de Napoléon ?
35%
Quel sont les derniers mots de Napoléon a sa mort "Armée"
9%
Aucun quiz correspondant
Distribution des résultats
% des personnes avec chaque résultat
Percentile par nombre de réponses
Votre historique - résultats
Vous n’avez pas pris ce quiz